|
|
|
|
| LEADER |
00000cam a22000002c 4500 |
| 001 |
1613817355 |
| 003 |
DE-627 |
| 005 |
20251225195300.0 |
| 007 |
tu |
| 008 |
970403s1996 xx ||||| 00| ||eng c |
| 016 |
7 |
|
|a b96Y7702
|2 UK
|
| 020 |
|
|
|a 0752205137
|9 0-7522-0513-7
|
| 035 |
|
|
|a (DE-627)1613817355
|
| 035 |
|
|
|a (DE-576)058195815
|
| 035 |
|
|
|a (DE-599)BSZ058195815
|
| 040 |
|
|
|a DE-627
|b ger
|c DE-627
|e rakwb
|
| 041 |
|
|
|a eng
|
| 082 |
0 |
|
|a 235.47
|
| 082 |
0 |
|
|a 291.216
|
| 100 |
1 |
|
|0 (DE-588)115762663
|0 (DE-627)077454626
|0 (DE-576)165127112
|4 aut
|a Messadié, Gérald
|d 1931-2018
|
| 109 |
|
|
|a Messadié, Gérald 1931-2018
|
| 240 |
1 |
0 |
|a Histoire générale du diable <engl.>
|
| 245 |
1 |
4 |
|a The history of the devil
|c Gerald Messadié
|
| 264 |
|
1 |
|a New York [u.a.]
|b Kodansha Internat.
|c 1996
|
| 300 |
|
|
|a VI, 377 S.
|
| 336 |
|
|
|a Text
|b txt
|2 rdacontent
|
| 337 |
|
|
|a ohne Hilfsmittel zu benutzen
|b n
|2 rdamedia
|
| 338 |
|
|
|a Band
|b nc
|2 rdacarrier
|
| 583 |
1 |
|
|a Archivierung prüfen
|c 20200919
|f DE-640
|z 1
|2 pdager
|
| 583 |
1 |
|
|a Archivierung/Langzeitarchivierung gewährleistet
|c 20211213
|f SLG
|x XA-DE-BW
|z IGPP
|2 pdager
|5 DE-25
|
| 601 |
|
|
|a Historie
|
| 650 |
|
4 |
|a Devil
|
| 650 |
|
4 |
|a Good and evil
|
| 700 |
1 |
2 |
|a Messadié, Gérald
|d 1931-2018
|t Histoire générale du diable <engl.>
|
| 935 |
|
|
|a mteo
|
| 951 |
|
|
|a BO
|
| ELC |
|
|
|b 1
|
| ORI |
|
|
|a SA-MARC-ixtheo_oa001.raw
|
| REL |
|
|
|a 1
|
| SUB |
|
|
|a REL
|